Ballon d'or 2016 - Statistiques

Statistiques générales
  • Ce quiz a été pris 461 fois
  • Le résultat moyen est 20 sur 30
Statistiques - réponses
Rang Joueurs Nationalité Points % Correct
1 Cristiano Ronaldo Portugal 745
99%
2 Lionel Messi Argentine 316
99%
6 Gareth Bale Pays de Galles 60
98%
3 Antoine Griezmann France 198
97%
4 Luis Suárez Uruguay 91
97%
5 Neymar Jr Brésil 68
96%
7 Riyad Mahrez Algérie 20
91%
13 Zlatan Ibrahimović Suède 5
89%
Luka Modrić Croatie 1
84%
11 Pierre-Emerick Aubameyang Gabon 7
84%
16 Robert Lewandowski Pologne 3
84%
14 Paul Pogba France 4
77%
Arturo Vidal Chili 4
75%
Kevin De Bruyne Belgique 0
73%
9 Gianluigi Buffon Italie 8
67%
Pepe Portugal 8
65%
Manuel Neuer Allemagne 0
61%
Thomas Müller Allemagne 0
61%
Andrés Iniesta Espagne 0
60%
17 Toni Kroos Allemagne 1
60%
Hugo Lloris France 0
59%
Sergio Ramos Espagne 0
56%
20 Sergio Agüero Argentine 0
52%
Diego Godín Uruguay 0
48%
8 Jamie Vardy Angleterre 11
45%
12 Rui Patrício Portugal 6
42%
Dimitri Payet France 1
40%
Paulo Dybala Argentine 0
39%
Gonzalo Higuaín Argentine 0
31%
Koke Espagne 0
9%
Aucun quiz correspondant
Distribution des résultats
% des personnes avec chaque résultat
Percentile par nombre de réponses
Votre historique - résultats
Vous n’avez pas pris ce quiz